Normal view
MARC view
- Blake, William .
Entry Personal Name
001 - CONTROL NUMBER
- control field: 1845
003 - CONTROL NUMBER IDENTIFIER
- control field: OSt
005 - DATE AND TIME OF LATEST TRANSACTION
- control field: 20161017142621.0
008 - FIXED-LENGTH DATA ELEMENTS
- fixed length control field: 161017|| aca||aabn | a|a d
040 ## - CATALOGING SOURCE
- Original cataloging agency: OSt
- Transcribing agency: OSt
100 ## - HEADING--PERSONAL NAME
- Personal name: Blake, William .
670 ## - SOURCE DATA FOUND
- Source citation: Work cat.: (OSt)4207: Blake, William ., Poetical Works of William Blake / , 1960.
